Comedias escogidas de Don Agustín Moreto y Cabaña

Gardado en:
Detalles Bibliográficos
Autor Corporativo: Biblioteca de autores españoles
Formato: Libro
Idioma:Undetermined
Publicado: Madrid, España Rivadeneyra 1873
Materias:
Etiquetas: Engadir etiqueta
Sen Etiquetas, Sexa o primeiro en etiquetar este rexistro!

MARC

LEADER 00000nam a2200000Ia 4500
008 170316s9999 xx 000 0 und d
110 |a Biblioteca de autores españoles 
245 |a Comedias escogidas de Don Agustín Moreto y Cabaña 
260 |a Madrid, España 
260 |b Rivadeneyra 
260 |c 1873 
300 |a 599 páginas 
650 |a REFERENCIA 
999 |c 30160  |d 30160 
040 |a cru BVZT 
942 |c 15 D  |2 z